[Event "Chania op"]
[Site "Chania"]
[Date "1999.08.26"]
[Round "7"]
[White "Roussakis, I."]
[Black "Ilandzis, Spyridon"]
[Result "1-0"]
[WhiteElo "1825"]
[BlackElo "2245"]
[PlyCount "109"]
[EventDate "1999.08.20"]
[EventType "swiss"]
[EventRounds "9"]
[EventCountry "GRE"]
[SourceTitle "EXT 2007"]
[Source "ChessBase"]
[SourceDate "2006.11.23"]
[SourceVersion "1"]
[SourceVersionDate "2006.11.23"]
[SourceQuality "1"]

1. d4 Nf6 2. Nf3 g6 3. c4 Bg7 4. Nc3 0-0 5. e4 d6 6. Be2 e5 7. 0-0 Nc6 8. d5 Ne7 9. b4 a5 10. Ba3 axb4 11. Bxb4 Nd7 12. a4 h6 13. Qb3 Kh8 14. a5 f5 15. Nd2 fxe4 16. Ndxe4 Nf5 17. Bd3 Nd4 18. Qd1 Nf6 19. Nxf6 Rxf6 20. Ne4 Rf4 21. f3 c5 22. dxc6 bxc6 23. Nxd6 c5 24. Nxc8 cxb4 25. Nb6 Rxa5 26. Rxa5 Qxb6 27. Ra8+ Bf8 28. Kh1 b3 29. Qd2 Kg7 30. Qa5 Bc5 31. Qxb6 Bxb6 32. Ra6 Rf6 33. Re1 Nc2 34. Bxc2 bxc2 35. c5 Bxc5 36. Rxf6 Kxf6 37. Rc1 Kf5 38. Rxc2 Bd4 39. g3 h5 40. Kg2 Bb6 41. Rb2 Be3 42. Rb5 Kf6 43. Kf1 Ba7 44. Ke2 Bd4 45. Kd3 Bg1 46. h3 Bf2 47. g4 hxg4 48. fxg4 Bg3 49. Ke4 Bf4 50. Rb6+ Kg5 51. Re6 Kh4 52. Rxg6 Kxh3 53. Rg8 Kh4 54. Kf5 Bd2 55. Kxe5 1-0